[Event "DEM U10/U10w 2014"]
[Site "Magdeburg GER"]
[Date "2014.06.14"]
[Round "11"]
[White "Pauls, Fynn"]
[Black "Bergauz, Igal"]
[Result "1/2-1/2"]
[Termination "normal"]
[Board "11"]
[WhiteElo "1382"]
[BlackElo "1783"]
[PlyCount "66"]
[WhiteFideId "16213149"]
[BlackFideId "12977284"]
[EventCountry "GER"]
[EventRounds "11"]
[EventType "swiss"]
[EventDate "2014.06.07"]

1. d4 d5 2. c4 e6 3. Nc3 Nf6 4. Nf3 Be7 5. Bf4 O-O 6. e3 Nbd7 7. Be2 b6 8. cxd5
exd5 9. O-O Bb7 10. Rc1 a6 11. Qb3 Rc8 12. Ne5 Ne4 13. Nxe4 dxe4 14. Nxd7 Qxd7
15. h3 Kh8 16. Bc4 Bd8 17. Qa3 Be7 18. Qb3 Bd8 19. Be2 f5 20. a3 h6 21. Bc4 Re8
22. Qa2 Bg5 23. Be5 Kh7 24. Rc3 Bd8 25. Rfc1 g5 26. Qb1 Rf8 27. Be2 Rf7 28. Bh5
Rf8 29. Qc2 c6 30. f3 c5 31. dxc5 bxc5 32. Rxc5 Bb6 33. Rd1 Qe7 1/2-1/2

[Event "DEM U10/U10w 2014"]
[Site "Magdeburg GER"]
[Date "2014.06.14"]
[Round "11"]
[White "Weihrauch, Jakob"]
[Black "Gelfenbaum, Daniel"]
[Result "1/2-1/2"]
[Termination "normal"]
[Board "12"]
[WhiteElo "1220"]
[BlackElo "1719"]
[PlyCount "85"]
[WhiteFideId "16210115"]
[BlackFideId "12965634"]
[EventCountry "GER"]
[EventRounds "11"]
[EventType "swiss"]
[EventDate "2014.06.07"]

1. e4 c6 2. d4 d5 3. Nd2 dxe4 4. Nxe4 Bf5 5. Ng3 Bg6 6. h4 h6 7. Nf3 Nd7 8. h5
Bh7 9. Bd3 Bxd3 10. Qxd3 e6 11. Bf4 Qa5+ 12. Bd2 Bb4 13. c3 Be7 14. Qc2 Ngf6
15. a3 Rc8 16. c4 Qc7 17. b4 b5 18. c5 Nd5 19. a4 a6 20. axb5 axb5 21. Ra5 Qb7
22. Qa2 Rb8 23. Ra7 Qc8 24. O-O O-O 25. Ra1 Rb7 26. Qa6 Rxa7 27. Qxa7 Bd8 28.
Ne4 Bc7 29. Nd6 Bxd6 30. cxd6 Rd8 31. Ne5 Nxe5 32. dxe5 Kf8 33. Ra6 Ke8 34. g4
Rd7 35. Qa8 Qxa8 36. Rxa8+ Rd8 37. Rxd8+ Kxd8 38. f4 f6 39. Kf2 Kd7 40. Kf3
fxe5 41. fxe5 Ke8 42. Ke4 Nb6 43. Kf4 1/2-1/2

[Event "DEM U10/U10w 2014"]
[Site "Magdeburg GER"]
[Date "2014.06.14"]
[Round "11"]
[White "Bui, Bao Anh Le"]
[Black "Muths, Lukas"]
[Result "0-1"]
[Termination "normal"]
[Board "13"]
[WhiteElo "1551"]
[BlackElo "1248"]
[PlyCount "154"]
[WhiteFideId "12970719"]
[BlackFideId "12953156"]
[EventCountry "GER"]
[EventRounds "11"]
[EventType "swiss"]
[EventDate "2014.06.07"]

1. e4 e5 2. Nf3 Nf6 3. Nxe5 d6 4. Nf3 Nxe4 5. d3 Nf6 6. Be2 Bf5 7. O-O Be7 8.
Re1 O-O 9. Nbd2 Nbd7 10. Nf1 h6 11. Ng3 Bh7 12. c3 Re8 13. d4 c5 14. Qb3 Qb6
15. Qxb6 axb6 16. a3 Rac8 17. Bb5 Bf8 18. Rxe8 Rxe8 19. Bd2 Re6 20. Re1 Rxe1+
21. Bxe1 Be7 22. Bd2 Nf8 23. Nh4 Ne6 24. Nhf5 Bf8 25. f3 Nc7 26. Be2 d5 27. Bd1
b5 28. Be3 b6 29. Be2 Nfe8 30. b4 c4 31. Bd1 Bg6 32. a4 bxa4 33. Bxa4 b5 34.
Bc2 f6 35. Nxh6+ gxh6 36. Bxg6 Kg7 37. Bc2 Kf7 38. Nf5 h5 39. h4 Na8 40. Ng3
Ng7 41. Bh6 Nb6 42. Bxg7 Bxg7 43. Nxh5 Na4 44. Nf4 Nxc3 45. Bf5 Ke7 46. Be6 Kd6
47. Bf7 Bh6 48. Nh5 Ne2+ 49. Kf1 Nxd4 50. f4 Nc2 51. Be8 Na3 52. g3 c3 53. Bg6
c2 54. Bxc2 Nxc2 55. Nxf6 Nxb4 56. Ke2 d4 57. Kd2 d3 58. Ng4 Bg7 59. Nf2 Bd4
60. Nd1 Kd5 61. g4 Ke4 62. f5 Nd5 63. h5 b4 64. g5 Bc3+ 65. Kc1 Kxf5 66. h6 d2+
67. Kb1 Kg6 68. Kc2 Nf4 69. Kb1 Kxg5 70. Nf2 Kxh6 71. Ng4+ Kg5 72. Nf2 Kf5 73.
Nd1 Ke4 74. Nf2+ Ke3 75. Nd1+ Ke2 76. Kc2 Nd5 77. Ne3 Nxe3+ 0-1

[Event "DEM U10/U10w 2014"]
[Site "Magdeburg GER"]
[Date "2014.06.14"]
[Round "11"]
[White "Sulayev, Daniel"]
[Black "Asadzade, Idris"]
[Result "1-0"]
[Termination "normal"]
[Board "14"]
[WhiteElo "1584"]
[BlackElo "1448"]
[PlyCount "103"]
[WhiteFideId "12977675"]
[BlackFideId "12997285"]
[EventCountry "GER"]
[EventRounds "11"]
[EventType "swiss"]
[EventDate "2014.06.07"]

1. e4 e6 2. d4 d5 3. Nc3 Nf6 4. Bg5 Be7 5. e5 Nfd7 6. Bxe7 Qxe7 7. f4 a6 8. Nf3
c5 9. Bd3 Nc6 10. O-O cxd4 11. Ne2 Qb4 12. Rb1 O-O 13. Qe1 Qxe1 14. Rfxe1 Nb4
15. a3 Nxd3 16. cxd3 Nb6 17. Nexd4 Bd7 18. Nb3 Rac8 19. Rbc1 Na4 20. Rxc8 Rxc8
21. Re2 Bb5 22. Rd2 Nc5 23. Rc2 b6 24. d4 Ba4 25. dxc5 Bxb3 26. Rc3 Ba4 27.
cxb6 Rxc3 28. bxc3 Bc6 29. Nd4 Bb7 30. a4 Kf8 31. Kf2 Ke7 32. Ke3 f6 33. a5 h6
34. h4 g6 35. g3 Kf7 36. Nb3 g5 37. Nc5 Bc8 38. b7 Bxb7 39. Nxb7 fxe5 40. fxe5
gxh4 41. gxh4 Kg6 42. Kf4 Kh5 43. Nc5 Kxh4 44. Nxe6 h5 45. Ng7 Kh3 46. Nxh5 d4
47. cxd4 Kh4 48. e6 Kxh5 49. e7 Kh4 50. e8=Q Kh3 51. Qe2 Kh4 52. Qh2# 1-0

[Event "DEM U10/U10w 2014"]
[Site "Magdeburg GER"]
[Date "2014.06.14"]
[Round "11"]
[White "Gericke, Luis"]
[Black "Deleré, Adrian"]
[Result "0-1"]
[Termination "normal"]
[Board "15"]
[WhiteElo "1161"]
[BlackElo "1447"]
[PlyCount "100"]
[WhiteFideId "16212525"]
[BlackFideId "12990400"]
[EventCountry "GER"]
[EventRounds "11"]
[EventType "swiss"]
[EventDate "2014.06.07"]

1. e4 e5 2. Nf3 Nc6 3. Bb5 a6 4. Bxc6 dxc6 5. O-O Qf6 6. Nc3 Bd7 7. d4 exd4 8.
Qxd4 Qxd4 9. Nxd4 f6 10. Bf4 O-O-O 11. Rfe1 Ne7 12. Rad1 Ng6 13. Bd2 Bg4 14.
Nf3 Ne5 15. Re3 Bc5 16. Re2 Nxf3+ 17. gxf3 Bxf3 18. Ree1 Bxd1 19. Rxd1 Rd7 20.
Bf4 Rxd1+ 21. Nxd1 g5 22. Bg3 h5 23. h3 h4 24. Bh2 Rd8 25. Nc3 Rd2 26. Na4
Bxf2+ 27. Kf1 Rxc2 28. Nc3 Bd4 29. Ne2 Rxb2 30. Nxd4 Rxh2 31. Nf3 Rxh3 32. Kg2
Rxf3 33. Kxf3 h3 34. Kg3 g4 35. a3 Kd7 36. a4 b6 37. Kh2 Ke6 38. Kg3 Ke5 39. a5
Kxe4 40. axb6 cxb6 41. Kh2 a5 42. Kg3 a4 43. Kh2 a3 44. Kg3 a2 45. Kh2 a1=Q 46.
Kg3 Qe1+ 47. Kxg4 f5+ 48. Kxh3 Kf3 49. Kh2 Qg3+ 50. Kh1 Qg2# 0-1

[Event "DEM U10/U10w 2014"]
[Site "Magdeburg GER"]
[Date "2014.06.14"]
[Round "11"]
[White "Hundrieser, Malte"]
[Black "Buchloh, Adrian"]
[Result "1/2-1/2"]
[Termination "normal"]
[Board "16"]
[WhiteElo "1429"]
[BlackElo "1463"]
[PlyCount "181"]
[WhiteFideId "12997153"]
[BlackFideId "12960675"]
[EventCountry "GER"]
[EventRounds "11"]
[EventType "swiss"]
[EventDate "2014.06.07"]

1. e4 d5 2. exd5 Qxd5 3. Nc3 Qa5 4. d4 Nf6 5. Nf3 Bg4 6. Bc4 e6 7. Bd2 Qb6 8.
Bb3 c6 9. Be3 Qc7 10. h3 Bh5 11. g4 Bg6 12. Qe2 Nbd7 13. O-O-O O-O-O 14. Nh4
Bd6 15. Nxg6 hxg6 16. Rd3 Kb8 17. Bd2 Bf4 18. f3 Bd6 19. Ne4 Be7 20. Qe1 Ne8
21. Ba5 b6 22. Bd2 Nd6 23. Bf4 b5 24. Qg3 Nb6 25. Re1 Nbc8 26. Nc5 Qb6 27. Qh2
Ka8 28. Red1 Qc7 29. Ne4 Qb7 30. Nxd6 Nxd6 31. Rh1 Qd7 32. Qd2 Nb7 33. a3 Bd6
34. h4 Bxf4 35. Qxf4 Nd6 36. h5 Rh7 37. Rdd1 Rdh8 38. Qg5 Kb8 39. c3 Nb7 40.
Bc2 Kc8 41. Rh4 Rh6 42. Rdh1 f6 43. Qe3 g5 44. R4h2 Re8 45. Re2 Nd6 46. Rhe1
Nc4 47. Qd3 Na5 48. Bb1 Nb7 49. Kc2 Rhh8 50. Ba2 Nd8 51. Re3 Re7 52. Qe2 Rhe8
53. a4 a6 54. axb5 axb5 55. Ra1 Qb7 56. Bb3 Kb8 57. Qd1 Qc7 58. Ra6 Kc8 59. Qa1
Kd7 60. Ra7 Nb7 61. Qa6 Rb8 62. Re1 Kd6 63. Qa3+ Kd7 64. Qa2 Qd6 65. Qb1 Qh2+
66. Kd3 Qc7 67. Qa1 Kd8 68. Rxe6 Nc5+ 69. dxc5 Qxa7 70. Qxa7 Rxa7 71. Rxc6 Rc7
72. Rd6+ Rd7 73. Rxd7+ Kxd7 74. Bd5 Rd8 75. Kc2 Re8 76. Kd2 Re5 77. c6+ Kc7 78.
Be4 Re6 79. Ke3 Rd6 80. Ke2 Rd8 81. b3 Ra8 82. Kd3 Kd6 83. c4 b4 84. Kc2 Ke5
85. Kb2 Rc8 86. Kc2 Rc7 87. Kd3 Rc8 88. Bd5 Rc7 89. Be4 Rc8 90. Ke3 Rd8 91. Bd5
1/2-1/2

[Event "DEM U10/U10w 2014"]
[Site "Magdeburg GER"]
[Date "2014.06.14"]
[Round "11"]
[White "Kamp, Adrian"]
[Black "Kosev, Momchil"]
[Result "1-0"]
[Termination "normal"]
[Board "17"]
[WhiteElo "1310"]
[BlackElo "1483"]
[PlyCount "95"]
[WhiteFideId "16222466"]
[BlackFideId "12975982"]
[EventCountry "GER"]
[EventRounds "11"]
[EventType "swiss"]
[EventDate "2014.06.07"]

1. e4 c5 2. d4 cxd4 3. c3 dxc3 4. Nxc3 Nc6 5. Nf3 d6 6. Bc4 Nf6 7. e5 Nxe5 8.
Nxe5 dxe5 9. Bxf7+ Kxf7 10. Qxd8 g6 11. O-O Bg7 12. Qc7 e4 13. Re1 Bf5 14. Bg5
b6 15. Bxf6 Bxf6 16. Nxe4 Bxe4 17. Rxe4 Rhc8 18. Qd7 Rd8 19. Qe6+ Kf8 20. g3
Rd6 21. Qh3 Kg7 22. Rc1 Rad8 23. Re6 R6d7 24. Re2 h6 25. Rc8 Rd1+ 26. Kg2 R8d7
27. Qe6 Rd8 28. Rxd8 Rxd8 29. Qb3 Rd6 30. Rc2 Rd8 31. Rc7 Ra8 32. Qa3 a5 33.
Rb7 Kf7 34. Rxb6 Kg7 35. b4 a4 36. b5 Ra5 37. Rb8 h5 38. b6 Kh6 39. b7 Kg5 40.
Ra8 Rb5 41. b8=Q Rxb8 42. Rxb8 e5 43. Qxa4 Kf5 44. Qd7+ Kg5 45. h4+ Kh6 46. Qf7
Bg7 47. Rb7 e4 48. Qxg7# 1-0

[Event "DEM U10/U10w 2014"]
[Site "Magdeburg GER"]
[Date "2014.06.14"]
[Round "11"]
[White "Taras, Simon"]
[Black "Musiolik, David"]
[Result "1/2-1/2"]
[Termination "normal"]
[Board "18"]
[WhiteElo "1319"]
[BlackElo "1435"]
[PlyCount "41"]
[WhiteFideId "12970972"]
[BlackFideId "12972355"]
[EventCountry "GER"]
[EventRounds "11"]
[EventType "swiss"]
[EventDate "2014.06.07"]

1. d4 e6 2. c4 d5 3. Nc3 Nf6 4. cxd5 Nxd5 5. e4 Nxc3 6. bxc3 Nd7 7. Nf3 b6 8.
Bf4 Bb7 9. Bd3 Be7 10. O-O c5 11. Re1 O-O 12. dxc5 Nxc5 13. Bc2 Qxd1 14. Raxd1
Rad8 15. Rd2 Rxd2 16. Nxd2 Rd8 17. f3 g5 18. Be3 f6 19. Nb3 Nxb3 20. axb3 h6
21. g4 1/2-1/2

[Event "DEM U10/U10w 2014"]
[Site "Magdeburg GER"]
[Date "2014.06.14"]
[Round "11"]
[White "Evering, Sören"]
[Black "Yi, Danny"]
[Result "1-0"]
[Termination "normal"]
[Board "19"]
[WhiteElo "1424"]
[BlackElo "1369"]
[PlyCount "50"]
[WhiteFideId "12974650"]
[BlackFideId "12988588"]
[EventCountry "GER"]
[EventRounds "11"]
[EventType "swiss"]
[EventDate "2014.06.07"]

1. e4 e5 2. Nc3 Nf6 3. f4 d5 4. fxe5 Nxe4 5. Nf3 Bc5 6. d4 Bb4 7. Bd2 Be7 8.
Bd3 Bh4+ 9. g3 Nxd2 10. Qxd2 Bg4 11. Nxh4 Nc6 12. Be2 Be6 13. O-O-O O-O 14. Ng2
a6 15. Nf4 b5 16. h4 b4 17. Na4 a5 18. h5 Qe8 19. h6 g6 20. Nh5 Qe7 21. Nf6+
Kh8 22. Bh5 gxh5 23. Qd3 Qxf6 24. exf6 Bg4 25. Rde1 Rg8 1-0

[Event "DEM U10/U10w 2014"]
[Site "Magdeburg GER"]
[Date "2014.06.14"]
[Round "11"]
[White "Popist, Florian"]
[Black "Astner, Sebastian"]
[Result "1/2-1/2"]
[Termination "normal"]
[Board "20"]
[WhiteElo "1245"]
[BlackElo "1389"]
[PlyCount "55"]
[WhiteFideId "16203518"]
[BlackFideId "12979422"]
[EventCountry "GER"]
[EventRounds "11"]
[EventType "swiss"]
[EventDate "2014.06.07"]

1. e4 c5 2. Nf3 d6 3. d4 cxd4 4. Nxd4 Nf6 5. Nc3 g6 6. Be3 Bg7 7. f3 O-O 8. Qd2
Nc6 9. O-O-O Nxd4 10. Bxd4 Be6 11. Kb1 Qc7 12. g4 Rfc8 13. h4 Qa5 14. Nd5 Qxd2
15. Rxd2 Nxd5 16. exd5 Bxd5 17. Bxg7 Bxf3 18. Rh3 Bxg4 19. Rg3 Kxg7 20. Rxg4
Rc5 21. Re4 Kf8 22. b3 Rac8 23. Rg2 f5 24. Re3 e5 25. h5 e4 26. hxg6 hxg6 27.
Rxg6 Kf7 28. Reg3 1/2-1/2

[Event "DEM U10/U10w 2014"]
[Site "Magdeburg GER"]
[Date "2014.06.14"]
[Round "11"]
[White "Mimkes, Pavel"]
[Black "Englert, Jon"]
[Result "0-1"]
[Termination "normal"]
[Board "21"]
[WhiteElo "1271"]
[BlackElo "1375"]
[PlyCount "80"]
[WhiteFideId "12990833"]
[BlackFideId "12992275"]
[EventCountry "GER"]
[EventRounds "11"]
[EventType "swiss"]
[EventDate "2014.06.07"]

1. e4 d6 2. d4 Nf6 3. Nc3 g6 4. f4 Bg7 5. Nf3 O-O 6. Bd3 Nc6 7. O-O Bg4 8. Be3
e5 9. fxe5 dxe5 10. d5 Ne7 11. h3 Bxf3 12. Qxf3 c6 13. dxc6 Nxc6 14. Bg5 Nd4
15. Qf2 Qb6 16. Bxf6 Bxf6 17. Qxf6 Nf3+ 18. Kh1 Qxf6 19. Rxf3 Qb6 20. Rb1 Rac8
21. Nd5 Qd6 22. Rd1 Kg7 23. Rdf1 f5 24. Nc3 fxe4 25. Nxe4 Qe7 26. Kh2 Rxf3 27.
Rxf3 Rf8 28. Re3 Qf7 29. b3 Qf4+ 30. Rg3 h5 31. Kg1 h4 32. Rg4 Qc1+ 33. Kh2 Rf4
34. Rg5 Rxe4 35. Rxg6+ Kxg6 36. Bxe4+ Kg5 37. Bd3 Qf4+ 38. Kg1 e4 39. Bc4 e3
40. Be2 Qf2+ 0-1

[Event "DEM U10/U10w 2014"]
[Site "Magdeburg GER"]
[Date "2014.06.14"]
[Round "11"]
[White "Krause, Marc"]
[Black "Marschall, Tillmann"]
[Result "0-1"]
[Termination "normal"]
[Board "22"]
[WhiteElo "1083"]
[BlackElo "1423"]
[PlyCount "90"]
[WhiteFideId "12985724"]
[BlackFideId "12973220"]
[EventCountry "GER"]
[EventRounds "11"]
[EventType "swiss"]
[EventDate "2014.06.07"]

1. Nf3 d5 2. d4 Nf6 3. c4 c6 4. Nc3 dxc4 5. a4 Bf5 6. Bf4 Nd5 7. Bg3 Nd7 8. e3
N7f6 9. Bxc4 e6 10. O-O Bb4 11. Nxd5 exd5 12. Bd3 Bxd3 13. Qxd3 O-O 14. Nd2 Re8
15. Rad1 Qa5 16. b3 Rad8 17. Bh4 Be7 18. Rc1 Qc7 19. Bg3 Qd7 20. Rfe1 Bd6 21.
Bxd6 Qxd6 22. Qf5 Re6 23. Qf3 Rde8 24. Qe2 Qf8 25. Qf3 Qd6 26. Qg3 Qxg3 27.
hxg3 Ng4 28. Kf1 Rf6 29. Nf3 Nh6 30. Kg1 Nf5 31. Nh4 Nd6 32. Nf3 h6 33. Nd2
Rfe6 34. Kf1 Nf5 35. Nf3 f6 36. g4 Nd6 37. Nd2 Kf7 38. Nf3 g5 39. Nd2 Kg6 40.
Rc3 Kf7 41. g3 Kg6 42. Kg2 R8e7 43. Rb1 Kf7 44. Kf1 Ne4 45. Ke2 Nxc3+ 0-1

[Event "DEM U10/U10w 2014"]
[Site "Magdeburg GER"]
[Date "2014.06.14"]
[Round "11"]
[White "Wu, Luka"]
[Black "Breitzmann, Sander"]
[Result "1-0"]
[Termination "normal"]
[Board "23"]
[WhiteElo "1433"]
[BlackElo "1220"]
[PlyCount "107"]
[WhiteFideId "12977420"]
[BlackFideId "12987085"]
[EventCountry "GER"]
[EventRounds "11"]
[EventType "swiss"]
[EventDate "2014.06.07"]

1. e4 e5 2. Nf3 Nc6 3. Bb5 Nge7 4. O-O g6 5. c3 Bg7 6. d4 O-O 7. Be3 d6 8. Nbd2
Bd7 9. Ba4 f5 10. Bb3+ Kh8 11. exf5 Bxf5 12. Bc2 Qd7 13. Ne4 Bxe4 14. Bxe4 d5
15. Bc2 e4 16. Nd2 Nf5 17. Nb3 b6 18. Qe2 Rae8 19. Nd2 Rf7 20. Qa6 Ref8 21. Ba4
Nfe7 22. Qxa7 Nxa7 23. Bxd7 c6 24. Bg5 Nf5 25. Be6 Rc7 26. Bxf5 gxf5 27. f3 h6
28. Bf4 Rcf7 29. fxe4 fxe4 30. Be3 Rxf1+ 31. Rxf1 Rxf1+ 32. Kxf1 Bf8 33. a3 Kg7
34. c4 Bd6 35. g3 Nc8 36. Kg2 h5 37. h3 Ne7 38. g4 h4 39. Kf2 Ng6 40. b4 b5 41.
cxd5 cxd5 42. Nb3 Bf4 43. Nc5 Bxe3+ 44. Kxe3 Ne7 45. Ne6+ Kf6 46. Nc7 Kf7 47.
Nxb5 Nc8 48. Nc7 Nb6 49. a4 Nc4+ 50. Ke2 Nd6 51. Nxd5 Ke6 52. Nc3 Kf6 53. Ke3
Ke6 54. Nxe4 1-0

[Event "DEM U10/U10w 2014"]
[Site "Magdeburg GER"]
[Date "2014.06.14"]
[Round "11"]
[White "Bardorz, Jana"]
[Black "Grünwald, Max"]
[Result "0-1"]
[Termination "normal"]
[Board "25"]
[WhiteElo "1175"]
[BlackElo "1340"]
[PlyCount "102"]
[WhiteFideId "16208897"]
[BlackFideId "12992283"]
[EventCountry "GER"]
[EventRounds "11"]
[EventType "swiss"]
[EventDate "2014.06.07"]

1. e4 d5 2. exd5 Qxd5 3. Nc3 Qa5 4. d4 Nf6 5. Nf3 Bg4 6. h3 Bh5 7. Bd2 Qb6 8.
Be2 Nc6 9. Na4 Bxf3 10. Nxb6 Bxe2 11. Qxe2 axb6 12. Bc3 O-O-O 13. O-O-O e6 14.
g4 Bd6 15. g5 Bf4+ 16. Bd2 Nxd4 17. Qc4 b5 18. Qb4 Bxd2+ 19. Rxd2 Nd7 20. Rd3
c5 21. Rc3 Ne2+ 22. Kb1 Nxc3+ 23. Qxc3 c4 24. Qxg7 Nc5 25. Qxf7 Rd7 26. Qh5
Rhd8 27. a3 Ne4 28. Re1 Nd2+ 29. Kc1 c3 30. b3 Re7 31. f4 Rde8 32. Qg4 Kb8 33.
h4 b4 34. a4 b5 35. axb5 Ra7 36. Kd1 e5 37. fxe5 Ra1+ 38. Ke2 Rxe5+ 39. Kf2
Raxe1 40. h5 Rf1+ 41. Kg3 Rg1+ 42. Kf4 Rxg4+ 43. Kxg4 Rxb5 44. g6 h6 45. Kh4
Rg5 46. Kh3 Kc7 47. Kh4 Kd6 48. Kh3 Ke5 49. Kh4 Kf4 50. Kh3 Nf3 51. g7 Rg3# 0-1

[Event "DEM U10/U10w 2014"]
[Site "Magdeburg GER"]
[Date "2014.06.14"]
[Round "11"]
[White "Schade, Johannes"]
[Black "Paulsen, Niels-Martin"]
[Result "0-1"]
[Termination "normal"]
[Board "26"]
[WhiteElo "1304"]
[BlackElo "1043"]
[PlyCount "80"]
[WhiteFideId "12958581"]
[BlackFideId "16214994"]
[EventCountry "GER"]
[EventRounds "11"]
[EventType "swiss"]
[EventDate "2014.06.07"]

1. d4 d5 2. c4 e5 3. Nc3 dxc4 4. Nf3 exd4 5. Nxd4 Bc5 6. e3 Nc6 7. Nxc6 Qxd1+
8. Nxd1 bxc6 9. Bxc4 Nf6 10. O-O O-O 11. Nc3 Bf5 12. Re1 Rfe8 13. a3 a5 14. Bd2
Rab8 15. Rab1 Bxb1 16. Rxb1 Ne4 17. Nxe4 Rxe4 18. Bd3 Ree8 19. Bxa5 Rb7 20. Bc3
Reb8 21. b4 Bd6 22. Rd1 Ra7 23. Bb2 c5 24. b5 c6 25. e4 Bf8 26. e5 cxb5 27. Be2
Rab7 28. Bf3 Rb6 29. Rd5 b4 30. axb4 Rxb4 31. Bc1 Rb1 32. Rd1 Rc8 33. g3 c4 34.
Be4 Ra1 35. Bd5 Ba3 36. e6 Rxc1 37. exf7+ Kf8 38. Rxc1 Bxc1 39. Kf1 Ba3 40. Ke2
c3 0-1

[Event "DEM U10/U10w 2014"]
[Site "Magdeburg GER"]
[Date "2014.06.14"]
[Round "11"]
[White "Schnabel, Luise"]
[Black "Sinnhöfer, Lilian"]
[Result "1-0"]
[Termination "normal"]
[Board "27"]
[WhiteElo "1369"]
[BlackElo "1128"]
[PlyCount "103"]
[WhiteFideId "12943347"]
[BlackFideId "12977586"]
[EventCountry "GER"]
[EventRounds "11"]
[EventType "swiss"]
[EventDate "2014.06.07"]

1. e4 e5 2. Nf3 Nc6 3. Bc4 Be7 4. d4 exd4 5. Nxd4 d6 6. Nc3 Bd7 7. Be3 Nf6 8.
h3 Ne5 9. Be2 Bc6 10. f4 Ned7 11. Nxc6 bxc6 12. O-O O-O 13. Qe1 Rb8 14. b3 Re8
15. Bf3 h6 16. Bxa7 Rb7 17. Bf2 Rb8 18. a4 Ra8 19. Rd1 Qc8 20. Qe2 Nh7 21. e5
d5 22. Bg4 Qd8 23. Nxd5 cxd5 24. Rxd5 Qb8 25. Rxd7 Qb7 26. Bf3 Qc8 27. Bc6 Ra6
28. Rxc7 Qxc7 29. Qxa6 Rc8 30. Be4 Bc5 31. Bxc5 Qxc5+ 32. Kh2 Rd8 33. Qc4 Qxc4
34. bxc4 Rc8 35. Bd5 Rc5 36. Ra1 Ra5 37. f5 Nf8 38. e6 fxe6 39. fxe6 Ng6 40.
e7+ Kh7 41. e8=Q h5 42. Be4 Ra6 43. Qxg6+ Rxg6 44. Bxg6+ Kxg6 45. a5 h4 46. a6
Kh5 47. a7 g6 48. a8=Q Kg5 49. Qd5+ Kh6 50. Qe4 Kh7 51. Ra7+ Kh6 52. Qxh4# 1-0

[Event "DEM U10/U10w 2014"]
[Site "Magdeburg GER"]
[Date "2014.06.14"]
[Round "11"]
[White "Khanbekyan, Areg"]
[Black "Schmidtmann, Samantha"]
[Result "1/2-1/2"]
[Termination "normal"]
[Board "28"]
[WhiteElo "962"]
[BlackElo "1403"]
[PlyCount "91"]
[WhiteFideId "12993727"]
[BlackFideId "12956759"]
[EventCountry "GER"]
[EventRounds "11"]
[EventType "swiss"]
[EventDate "2014.06.07"]

1. e4 c5 2. Nf3 d6 3. d4 cxd4 4. Nxd4 Nf6 5. Nc3 a6 6. Be3 e5 7. Nb3 Be6 8. f3
Be7 9. g4 d5 10. exd5 Nxd5 11. Nxd5 Qxd5 12. Qxd5 Bxd5 13. Bg2 Nc6 14. O-O-O
O-O-O 15. Rhf1 h5 16. Bh3 Kb8 17. Bb6 Bc4 18. Bxd8 Bxf1 19. Bxf1 Bxd8 20. Rd7
Bg5+ 21. Kd1 hxg4 22. fxg4 Be7 23. Bg2 Rd8 24. Rxd8+ Bxd8 25. Ke2 Nd4+ 26. Nxd4
exd4 27. Kd3 Bf6 28. Bd5 Be5 29. Bxf7 Bxh2 30. Kxd4 Bd6 31. b3 Kc7 32. Kd5 g5
33. c4 b6 34. Be6 a5 35. a4 Bb4 36. Ke4 Kc6 37. Kd4 Bc5+ 38. Ke4 Ba3 39. Kd4
Bc5+ 40. Kc3 Bb4+ 41. Kd4 Bc5+ 42. Ke5 Ba3 43. Kd4 Bc5+ 44. Kc3 Bb4+ 45. Kd4
Bc5+ 46. Kc3 1/2-1/2

[Event "DEM U10/U10w 2014"]
[Site "Magdeburg GER"]
[Date "2014.06.14"]
[Round "11"]
[White "Prieb, Robert"]
[Black "Diderle, Konstantin"]
[Result "1/2-1/2"]
[Termination "normal"]
[Board "29"]
[WhiteElo "1260"]
[BlackElo "1103"]
[PlyCount "81"]
[WhiteFideId "16212002"]
[BlackFideId "12965197"]
[EventCountry "GER"]
[EventRounds "11"]
[EventType "swiss"]
[EventDate "2014.06.07"]

1. d4 Nf6 2. Nf3 d5 3. Bf4 e6 4. e3 c5 5. c3 Nc6 6. Bd3 Be7 7. Nbd2 a6 8. a4
O-O 9. h3 Bd7 10. O-O cxd4 11. Nxd4 Nxd4 12. cxd4 Rc8 13. b3 Rc6 14. Rc1 Rxc1
15. Qxc1 Qc8 16. Nf3 Qxc1 17. Rxc1 Rc8 18. Rxc8+ Bxc8 19. Kf1 Bd7 20. Ne5 g6
21. Bg5 Be8 22. Ke2 Kf8 23. f4 Nd7 24. Bh6+ Kg8 25. Nxd7 Bxd7 26. Kf3 Bf8 27.
Bxf8 Kxf8 28. e4 Bc6 29. e5 a5 30. g4 Bd7 31. g5 Ke8 32. Ke2 Kd8 33. Kd2 Kc7
34. Kc3 Kc6 35. Bb5+ Kc7 36. Bd3 Kc6 37. Bb5+ Kc7 38. Bd3 Kb6 39. Be2 Kc6 40.
Bb5+ Kc7 41. Bd3 1/2-1/2

[Event "DEM U10/U10w 2014"]
[Site "Magdeburg GER"]
[Date "2014.06.14"]
[Round "11"]
[White "Doan, Lam Phuc"]
[Black "Ackermann, Richard"]
[Result "1/2-1/2"]
[Termination "normal"]
[Board "30"]
[WhiteElo "1145"]
[BlackElo "1239"]
[PlyCount "80"]
[BlackFideId "12987026"]
[EventCountry "GER"]
[EventRounds "11"]
[EventType "swiss"]
[EventDate "2014.06.07"]

1. e4 e5 2. Nf3 Nc6 3. Nc3 Nf6 4. d3 Bb4 5. Bd2 d6 6. Be2 Be6 7. O-O Qe7 8. a3
Ba5 9. b4 Bb6 10. Re1 O-O 11. Be3 Bxe3 12. fxe3 Rad8 13. d4 d5 14. exd5 Nxd5
15. Nxd5 Bxd5 16. c3 Qe6 17. Qc1 f6 18. c4 Bxf3 19. Bxf3 exd4 20. Bd5 Rxd5 21.
cxd5 Qxd5 22. exd4 Qxd4+ 23. Qe3 Qxe3+ 24. Rxe3 Nd4 25. Re7 Rc8 26. Rae1 Kf8
27. Rd7 Nc6 28. Kf2 Ne5 29. Rd4 c5 30. Rd5 c4 31. Kg3 c3 32. Rc5 Rxc5 33. bxc5
Nd3 34. Re2 Nxc5 35. Rc2 Ke7 36. Kf3 Na4 37. Ke4 Kd6 38. Kd4 b5 39. Rc1 Kc6 40.
g4 Kb6 1/2-1/2

[Event "DEM U10/U10w 2014"]
[Site "Magdeburg GER"]
[Date "2014.06.14"]
[Round "11"]
[White "Rudolph, Eva"]
[Black "Hommer, Jeremy"]
[Result "1-0"]
[Termination "normal"]
[Board "31"]
[WhiteElo "1129"]
[BlackElo "1229"]
[PlyCount "65"]
[WhiteFideId "16200594"]
[BlackFideId "12992577"]
[EventCountry "GER"]
[EventRounds "11"]
[EventType "swiss"]
[EventDate "2014.06.07"]

1. e4 c6 2. d4 d5 3. Nc3 dxe4 4. Nxe4 Nf6 5. Ng3 h5 6. h4 e6 7. Nf3 Bd6 8. Ne2
Nbd7 9. Nf4 b6 10. Bd3 Bb7 11. Qe2 Qe7 12. Be3 O-O-O 13. Ba6 Nd5 14. Bxb7+ Kxb7
15. Nxd5 exd5 16. O-O f5 17. Qd3 f4 18. Bd2 Rdg8 19. Rfe1 Qd8 20. a4 Be7 21. b4
Bxh4 22. b5 Be7 23. bxc6+ Kxc6 24. Qb5+ Kc7 25. a5 Kc8 26. Qa6+ Kb8 27. Bxf4+
Ka8 28. Reb1 Nb8 29. Qb5 a6 30. axb6 Bd6 31. Qxd5+ Nc6 32. Qxc6+ Kb8 33. Rxa6
1-0

[Event "DEM U10/U10w 2014"]
[Site "Magdeburg GER"]
[Date "2014.06.14"]
[Round "11"]
[White "Marzisch, Darius"]
[Black "Schönweiler, Elisabeth"]
[Result "1/2-1/2"]
[Termination "normal"]
[Board "32"]
[WhiteElo "1067"]
[BlackElo "1217"]
[PlyCount "43"]
[WhiteFideId "12997480"]
[BlackFideId "12997005"]
[EventCountry "GER"]
[EventRounds "11"]
[EventType "swiss"]
[EventDate "2014.06.07"]

1. e4 c5 2. Nf3 d6 3. d4 cxd4 4. Nxd4 Nf6 5. Nc3 g6 6. Be3 Bg7 7. f3 O-O 8. Qd2
Nc6 9. O-O-O Nxd4 10. Bxd4 Qa5 11. Nd5 Qxd2+ 12. Rxd2 Nxd5 13. Bxg7 Kxg7 14.
Rxd5 b6 15. g4 Bb7 16. Rd4 Rac8 17. Rc4 Rxc4 18. Bxc4 Rc8 19. Bd3 a5 20. h4 h6
21. Rf1 Rc5 22. b3 1/2-1/2

[Event "DEM U10/U10w 2014"]
[Site "Magdeburg GER"]
[Date "2014.06.14"]
[Round "11"]
[White "Kurzweil, Nalani"]
[Black "Delgado, Celina"]
[Result "1/2-1/2"]
[Termination "normal"]
[Board "33"]
[WhiteElo "1194"]
[BlackElo "1023"]
[PlyCount "48"]
[WhiteFideId "12985694"]
[BlackFideId "12993735"]
[EventCountry "GER"]
[EventRounds "11"]
[EventType "swiss"]
[EventDate "2014.06.07"]

1. c4 c5 2. g3 Nc6 3. Bg2 e5 4. Nc3 d6 5. d3 Nf6 6. Bg5 Be7 7. Nf3 h6 8. Bxf6
Bxf6 9. Nd5 O-O 10. O-O Bg4 11. Rc1 Re8 12. Nd2 Nd4 13. f3 Bf5 14. Ne4 Bxe4 15.
Nxf6+ Qxf6 16. fxe4 Qg5 17. Bf3 Qe3+ 18. Kg2 Re6 19. Qe1 Rf6 20. Qf2 Qxf2+ 21.
Rxf2 Nxf3 22. Rxf3 Rxf3 23. exf3 Rb8 24. b3 b5 1/2-1/2